000 00449nam a22001817a 4500
003 koha_MIRAKIL
005 20231213095626.0
008 231213b |||||||| |||| 00| 0 ||| d
020 _b979-9-75846707-4
040 _aTR-IsEVY
_btur
_cTR-IsEVY
082 _a823.914/ TOL/G
100 _aTOLKIEN, J.R.R.
245 0 _aGÜÇ YÜZÜKLERİNE DAİR.
260 _bAltıkırkbeş,
_c2000
300 _a175.
650 _aEdebiyat.
942 _2ddc
_cBK
999 _c6737
_d6737